Sobre los orígenes medievales del estado moderno

Guardat en:
Dades bibliogràfiques
Autor principal: Strayer, Joseph R (Autor)
Format: Llibre
Idioma:espanyol
Publicat: Barcelona Ariel 1986
Col·lecció:Colección Ariel, 60
Matèries:
Etiquetes: Afegir etiqueta
Sense etiquetes, Sigues el primer a etiquetar aquest registre!

MARC

LEADER 00000nam a2200000 a 4500
001 UCV8066
003 CL-VaPUC
008 900514e19860000SP |||||||||||||||||spa|d
082 0 4 |a 320.1  |b STR  |2 21 
100 0 |a Strayer, Joseph R  |e author  |9 302149 
245 1 0 |a Sobre los orígenes medievales del estado moderno 
300 |a 154 p 
942 |c BK 
945 |d 19900514 00:00:00 
260 |a Barcelona  |b Ariel  |c 1986 
650 0 |a Estado  |9 255503 
650 0 |a Ciencias Políticas  |9 255201 
650 0 |a Edad media  |9 258041 
583 |a last modification  |c 20180327 04:28:04  |k Rodrigo Vera 
490 0 |a Colección Ariel, 60 
999 |c 213650  |d 213648 
952 |0 0  |1 0  |4 0  |6 320_100000000000000_STR_1986  |7 0  |8 P  |9 196230  |a BIBARQ  |b BIBARQ  |d 2019-11-14  |i 2641372  |o 320.1 STR 1986  |p 2641372  |r 2025-01-20  |w 2019-11-14  |y BK  |k ARQ 
952 |0 0  |1 0  |4 0  |6 320_100000000000000_STR_1986  |7 0  |8 A  |9 196231  |a BIBHIS  |b BIBHIS  |d 2019-11-14  |i 2641380  |o 320.1 STR 1986  |p 2641380  |r 2025-01-20  |w 2019-11-14  |y BK  |k HIS 
952 |0 0  |1 0  |4 0  |6 320_100000000000000_STR_1986  |7 0  |8 A  |9 196232  |a BIBHIS  |b BIBHIS  |d 2019-11-14  |i 1332325  |o 320.1 STR 1986  |p 1332325  |r 2025-01-20  |w 2019-11-14  |y BK  |k HIS